000 00348nam a2200157Ia 4500
003 0STCL
008 150530s9999 xx 000 0 und d
040 _aSTCL
_cSTCL
100 _aScade, J.
245 _aCereals
260 _bOxford University press
_c1975
546 _aEnglish
942 _2ddc
_cBK
999 _c36595
_d36595
005 20220125170406.0